000 00868nmm a2200289 a 4500
003 AR-BaBNM
005 20251128205101.0
008 266019s1992 ||||||||||||||000 | spa||
020 _a950-538-999-X
040 _cAR-BaBNM
100 1 _aCrépon, Pierre
245 1 0 _aLa aventura del teléfono
250 _a1ª ed.
260 _aBuenos Aires
_aParis
_bLarousse
_bNouvelle Librairie
_c1992
300 0 _a35 p.
_bil., diagr.
500 0 _aContiene glosario en p. 32
650 4 _aTELEFONO
650 4 _aCOMUNICACION INTERPERSONAL
653 0 _aENSENANZA DE LA TECNOLOGIA
653 0 _aEDUCACION TECNOLOGICA
700 1 _aAllain, Martire
_edirector
700 1 _aDressier, Sophie
_eilustrador
700 1 _aHache, Christian
_eilustrador
710 2 _aTelecom Argentina
_bDirección de Relaciones Externas e Institucionales
942 _cBK
998 _cSILVI
999 _c9923
_d9923